LEADER 01142nam0-22003731i-450- 001 990005541120203316 005 20051017120000.0 035 $a000554112 035 $aUSA01000554112 035 $a(ALEPH)000554112USA01 035 $a000554112 100 $a20051017d2002-------|0itac50------ba 101 $aita 102 $aIT 105 $a|||| ||||| 200 1 $a<> lavoro sul fronte dei porti$etelematica e organizzazione del lavoro a Gioia Tauro, Southampton e Felixstowe$fElisabetta Della Corte 210 $aSoveria Mannelli$cRubbettino$d2002 215 $a149 p.$d22 cm. 225 2$aUniversità 410 1$12001$aUniversità 620 $dSoveria Mannelli (Catanzaro) 700 1$aDELLA_CORTE,$bElisabetta$0522945 712 $aRubbettino 801 $aIT$bSOL$c20120104 912 $a990005541120203316 950 $aDIP.TO SCIENZE ECONOMICHE - (SA)$dDS DIP DEL dot$e8 DISES 951 $aDIP DEL dot$b8 DISES 959 $aBK 969 $aDISES 979 $c20121027$lUSA01$h1533 979 $c20121027$lUSA01$h1613 996 $aLavoro sul fronte dei porti$9828439 997 $aUNISA NUM $aUSA16469